Konjunkturální výzkum a jeho význam pro podnikovou praxi

Podstata, obsah a funkcie konjunkturálneho výskumu. Etapy konjunkturálneho výskumu. Konjunkturálne faktory, ukazovatele a metódy. Konjunkturálne prieskumy a ich postup. Konštrukcia dotazníku. Výsledky konjunkturálneho prieskumu uskutočneného v januári 2004 v priemyselných podnikoch v Česku.

Na minha lista:
Detalhes bibliográficos
Autor principal: Hluchníková, Miluše
Formato: Capítulo de Livro
Idioma:tcheco
Assuntos:
Tags: Adicionar Tag
Sem tags, seja o primeiro a adicionar uma tag!

MARC

LEADER 00000naa$a2200000$$$4500
001 0022066
005 20231107101805.0
041 0 |a cze 
044 |a CZ 
245 1 0 |a Konjunkturální výzkum a jeho význam pro podnikovou praxi  |c Miluše Hluchníková 
520 |a Podstata, obsah a funkcie konjunkturálneho výskumu. Etapy konjunkturálneho výskumu. Konjunkturálne faktory, ukazovatele a metódy. Konjunkturálne prieskumy a ich postup. Konštrukcia dotazníku. Výsledky konjunkturálneho prieskumu uskutočneného v januári 2004 v priemyselných podnikoch v Česku. 
610 2 0 |a Česko 
610 2 0 |a cykly hospodárske 
610 2 0 |a trh 
610 2 0 |a výskum 
610 2 0 |a analýzy 
610 2 0 |a pojmy 
610 2 0 |a konjunktúra 
610 2 0 |a prognózy 
610 2 0 |a odhady 
610 2 0 |a podnik 
100 1 |a Hluchníková, Miluše